000 00693nam a2200241 i 4500
001 bgj
245 1 0 _aHandbuch der Historischen Stätten Deutschlands.
_chrsg. von Walter Schlesinger.
_nBd. 8,
_pSachsen /
260 _aStuttgart :
_bAlfred Kröner Verlag,
_c1990.
300 _aLXX, 445, [4] s. :
_bmapy ;
_c18 cm.
490 1 _aKröners Taschenausgabe
_vBand 312
504 _aIndeks.
651 9 _aNiemcy
_xhistoria
700 1 _aSCHLESINGER, Walter.
830 _aKröners Taschenausgabe
020 _a3520312018
040 _cBPK
041 0 _ager
044 _aDEU
080 _a94(430)
920 _a3-520-31201-8
942 _cKS
008 s gw f |000 0 ger
999 _c49987
_d49987
856 _uhttp://koha.tu.koszalin.pl/cgi-bin/koha/opac-detail.pl?biblionumber=49987
_yKatalog online BPK